<The> Impact of Knowledge Spillovers on Total Factor Productivity Revisited: New Evidence from Selected European Capital Regions

Identifikácia a prínos vedomostného kapitálu ako aj rozdiely medzi európskymi regiónmi v rámci celkovej produktivity faktorov. Osobitný dôraz je kladený na trojuholník regiónov hlavných miest Viedeň-Budapešť-Bratislava.

Salvato in:
Dettagli Bibliografici
Autore principale: Puškárová, Paula, 1985-
Altri autori: Piribauer, Philipp
Natura: Capitolo di libro
Lingua:inglese
Soggetti:
Tags: Aggiungi Tag
Nessun Tag, puoi essere il primo ad aggiungerne!!

MARC

LEADER 00000naa a2200000 4500
001 0224158
005 20260218143846.8
041 0 |a eng 
044 |a NL 
245 1 0 |a <The> Impact of Knowledge Spillovers on Total Factor Productivity Revisited: New Evidence from Selected European Capital Regions  |c Paula Puškárová, Philipp Piribauer 
520 |a Identifikácia a prínos vedomostného kapitálu ako aj rozdiely medzi európskymi regiónmi v rámci celkovej produktivity faktorov. Osobitný dôraz je kladený na trojuholník regiónov hlavných miest Viedeň-Budapešť-Bratislava. 
610 2 0 |a euroregióny 
610 2 0 |a mestá 
610 2 0 |a kapitál intelektuálny 
610 2 0 |a produktivita kapitálu 
610 2 0 |a spoločnosť vedomostná 
610 2 0 |a ekonomika priestorová 
610 2 0 |a firmy 
100 1 |a Puškárová, Paula, 1985- 
700 1 |a Piribauer, Philipp